Score 0/20 Timer 03:00
0 Plays Today
Hint Answer % Correct
HeartKill
88.2%
The Tragically HipNew
86.6%
HeartMake
84.8%
Third Eye BlindGo
81.4%
Third Eye BlindLife
78.4%
The Tragically HipCar
76.5%
RadioheadPlace
76.1%
Third Eye BlindYou
73.2%
The Tragically HipTime
62.7%
Third Eye BlindDrive
61.6%
Hint Answer % Correct
RadioheadParanoid
59.8%
The Tragically HipArm
58.8%
RadioheadPolice
58.2%
RadioheadDry
57.7%
HeartMan
56.5%
Third Eye BlindHow
56.3%
HeartCrazy
46.9%
RadioheadFake
44.1%
HeartAbout
43%
The Tragically HipAhead
13.2%

Today's Daily Dose

Remove Ads.
Support Sporcle.
Get the best of Sporcle when you Go Orange. This ad-free experience offers more features, more stats, and more fun while also helping to support Sporcle. Thank you for becoming a member.

You're not logged in!

Compare scores with friends on all Sporcle quizzes.
OR
Log In

Show Comments

Extras

Top Quizzes Today


Score Distribution

Your Account Isn't Verified!

In order to create a playlist on Sporcle, you need to verify the email address you used during registration. Go to your Sporcle Settings to finish the process.

Report this User

Report this user for behavior that violates our Community Guidelines.

Details: